000 00404cam a2200169ua 4500
041 _aeng
_h
082 _a823.308
_bDEF/RO
100 _aDefoe, Daniel.
245 _aRobinson Cursoe /
_cDaniel Defoe.
_hTextual Documents
250 _a1 /
_b.
260 _aLondon :
_bJ M Dent and Sons Ltd ,
_c1958.
300 _a245 ; .
504 _a
942 _cBK
999 _c7622
_d7622